书目信息 |
| 题名: |
会说话的哺乳动物:心理语言学入门
|
|
| 作者: | 艾奇逊 著 | |
| 分册: | ||
| 出版信息: | 北京 外语教学与研究出版社 2000.08 |
|
| 页数: | 313页 | |
| 开本: | 32开 | |
| 丛书名: | ||
| 单 册: | ||
| 中图分类: | H003 | |
| 科图分类: | ||
| 主题词: | 语言学 | |
| 电子资源: | ||
| ISBN: | 7-5600-1927-7 | |
| 000 | 00562nam0 2200181 45 | |
| 001 | 0012100930 | |
| 005 | 20041210152049.34 | |
| 010 | @a7-5600-1927-7@dCNY 29.90 | |
| 100 | @a20001210d2000 km y0chiy0120 ea | |
| 101 | 0 | @achi |
| 200 | 1 | @a会说话的哺乳动物:心理语言学入门@AHui Shuo Hua De Bu Ru Dong Wu:Xin Li Yu Yan Xue Ru Men@f(英)艾奇逊著@F(Ying)Ai Qi Xun Zhu |
| 210 | @a北京@c外语教学与研究出版社@d2000.08 | |
| 215 | @a313页@d32开 | |
| 606 | 0 | @a语言学 |
| 690 | @aH003@v3 | |
| 701 | 0 | @a艾奇逊@4著 |
| 801 | @aCN@bPftUser@c20041210 | |
| 905 | @b301728@dH003@eA896@f1 | |
| 会说话的哺乳动物:心理语言学入门/(英)艾奇逊著.-北京:外语教学与研究出版社,2000.08 |
| 313页;32开 |
| ISBN 7-5600-1927-7:CNY 29.90 |
| ● |
| 相关链接 |
|
|
|
正题名:会说话的哺乳动物:心理语言学入门
索取号:H003/A896
 
预约/预借
| 序号 | 登录号 | 条形码 | 馆藏地/架位号 | 状态 | 备注 |
| 1 | 301728 | 203017289 | 自科二线404/209语言库 62排4列1层/ [索取号:H003/A896] | 在馆 | |
| 2 | 420630 | 204206304 | 外国语学院资料室/ [索取号:H003/A896] | 在馆 | |
| 3 | 432674 | 204326746 | 语言库209/209语言库 62排4列1层/ [索取号:H003/A896] | 在馆 | |
| 4 | 432675 | 204326755 | 语言库209/209语言库 62排4列1层/ [索取号:H003/A896] | 在馆 | |
| 5 | 432676 | 204326764 | 语言库209/209语言库 62排4列1层/ [索取号:H003/A896] | 在馆 |